Особенности УЗК листового проката при повышенной температуре; В мире неразрушающего контроля; № 3

Detalles Bibliográficos
Parent link:В мире неразрушающего контроля: Ежеквартальное журнальное обозрение.— , 2001-.— 1609-3178
№ 3.— 2005.— С. 53-55
Otros Autores: Кириков А. В., Забродин А. Н., Паврос С. К., Северинец И. Ю., Крауклиш С. И.
Lenguaje:ruso
Publicado: 2005
Colección:Ультразвуковой контроль
Materias:
Formato: Capítulo de libro
KOHA link:https://koha.lib.tpu.ru/cgi-bin/koha/opac-detail.pl?biblionumber=399526

MARC

LEADER 00000naa2a2200000 4500
001 399526
005 20231101065235.0
035 |a (RuTPU)RU\TPU\prd\40937 
090 |a 399526 
100 |a 20060118a2005 k y0rusy50 ca 
101 0 |a rus 
102 |a RU 
200 1 |a Особенности УЗК листового проката при повышенной температуре  |f А. В. Кириков [и др.] 
225 1 |a Ультразвуковой контроль 
320 |a Библиогр.: 4 назв. 
461 0 |0 (RuTPU)RU\TPU\prd\1155  |x 1609-3178  |t В мире неразрушающего контроля  |o Ежеквартальное журнальное обозрение  |d 2001- 
463 0 |0 (RuTPU)RU\TPU\prd\39611  |t № 3  |v С. 53-55  |d 2005 
610 1 |a ультразвуковой контроль 
610 1 |a листовой прокат 
610 1 |a промышленные установки 
610 1 |a горячекатанный листовой прокат 
610 1 |a прозвучивание 
610 1 |a поперечные волны 
610 1 |a электромагнитно-акустические преобразователи 
610 1 |a акустический контроль 
610 1 |a высокие температуры 
610 1 |a дефекты 
610 1 |a искусственные отражатели 
701 1 |a Кириков  |b А. В. 
701 1 |a Забродин  |b А. Н. 
701 1 |a Паврос  |b С. К. 
701 1 |a Северинец  |b И. Ю. 
701 1 |a Крауклиш  |b С. И. 
801 1 |a RU  |b 63413507  |c 20060118  |g PSBO 
801 2 |a RU  |b 63413507  |c 20111128  |g RCR 
942 |c BK